TYLMANS THEORY AND PRACTICE OF FIXED PROSTHODONTICS (Record no. 2863)

MARC details
000 -LEADER
fixed length control field 00371nam a2200145Ia 4500
008 - FIXED-LENGTH DATA ELEMENTS--GENERAL INFORMATION
fixed length control field 150201s2002 xx 000 0 und d
082 ## - DEWEY DECIMAL CLASSIFICATION NUMBER
Classification number 617.69
Item number T2002M
100 ## - MAIN ENTRY--PERSONAL NAME
Personal name MALONE, W.F.T.
245 ## - TITLE STATEMENT
Title TYLMANS THEORY AND PRACTICE OF FIXED PROSTHODONTICS
250 ## - EDITION STATEMENT
Edition statement 8TH
260 ## - PUBLICATION, DISTRIBUTION, ETC. (IMPRINT)
Name of publisher, distributor, etc. AITBS
Place of publication, distribution, etc. DELHI
Date of publication, distribution, etc. 2002
300 ## - PHYSICAL DESCRIPTION
Extent 1-461
650 ## - SUBJECT ADDED ENTRY--TOPICAL TERM
Topical term or geographic name as entry element PROSTHODONTICS
942 ## - ADDED ENTRY ELEMENTS (KOHA)
Source of classification or shelving scheme Dewey Decimal Classification
Koha item type Books
Koha issues (borrowed), all copies 5
Holdings
Withdrawn status Lost status Source of classification or shelving scheme Damaged status Not for loan Home library Current library Date acquired Source of acquisition Cost, normal purchase price Serial Enumeration / chronology SGTU Bill Number Total Checkouts Full call number Barcode Date last seen Date last checked out Bill Date Koha item type
    Dewey Decimal Classification     SGT Dental Library SGT Dental Library 08/09/2003 U.B.S.DELHI 595.00 1 SGTU 555 1 617.69 T2002M FD1585 28/10/2024 23/01/2023 01/03/2012 Books
    Dewey Decimal Classification     SGT Dental Library SGT Dental Library 08/09/2003 U.B.S.DELHI 595.00 1 SGTU 555 4 617.69 T2002M FD1586 28/10/2024 24/01/2023 01/03/2012 Books
    Dewey Decimal Classification     SGT Dental Library SGT Dental Library 08/09/2003 U.B.S.DELHI 595.00 1 SGTU 555 1 617.69 T2002M FD1587 24/07/2018 23/07/2018 01/03/2012 Books
    Dewey Decimal Classification     SGT Dental Library SGT Dental Library 08/09/2003 U.B.S.DELHI 595.00 1 SGTU 555 1 617.69 T2002M FD1588 25/01/2023 25/01/2023 01/03/2012 Books